Beliebteste Apps bei 18-19 jährigen(2023) - Statistiken

Allgemein
  • Dieses Quiz wurde 374 mal gespielt
  • Das Durchschnittsergebnis liegt bei 8 aus 11
Antwortstatistiken
Hint Antwort % Korrekt
2. Instagram
98%
5. Snapchat
91%
4. TikTok
90%
1. Whatsapp
89%
3. Youtube
83%
7. Facebook
76%
10. Twitter
65%
8. Google
50%
6. Spotify
46%
9. Netflix
38%
11. Pinterest
25%
Keine übereinstimmenden Quizze gefunden
Verteilung der Resultate
Anzahl Personen mit jedem Resultat
Perzentil nach korrekt beantworteten Fragen
Ihre Resultats-Entwicklung
Sie haben dieses Quiz noch nicht gespielt